| 000 | 00498nam a22001817a 4500 | ||
|---|---|---|---|
| 999 |
_c525713 _d525713 |
||
| 003 | NUST | ||
| 020 | _qPB/K | ||
| 038 | _aFaiza | ||
| 082 |
_a891.42 _bMAH |
||
| 100 |
_aAbdul Haq, Maher _916653 |
||
| 245 |
_aPhulwari / _cMaher Abdul Haq |
||
| 260 |
_aLahore : _bNaveed Publishers, _c1992. |
||
| 300 | _a194 p. ; | ||
| 880 |
_6100-01\r _aمہرعبدالحق |
||
| 880 |
_6245-02\r _aپھُلواڑی / |
||
| 880 |
_6260-03\r _aلاہور : _bنوید پبلیشرز, _c۱۹۹۲. |
||
| 942 |
_2ddc _cBK |
||